Introduction to programming (C) (Record no. 312458)

MARC details
000 -LEADER
fixed length control field 00517 a2200193 4500
005 - DATE & TIME
control field 20240326145006.0
008 - FIXED-LENGTH DATA ELEMENTS--GENERAL INFORMATION
fixed length control field 240312b |||||||| |||| 00| 0 eng d
020 ## - ISBN
International Standard Book Number 9789386070203
Price Rs. 250.00
040 ## - CATALOGING SOURCE
Original cataloging agency VIVEKANANDA LIBRARY
082 ## - DDC NUMBER
Classification number 005.133
Book Number C455I
100 ## - MAIN ENTRY--PERSONAL NAME
Personal name Chopra, Rajiv
245 ## - TITLE STATEMENT
Title Introduction to programming (C)
260 ## - PUBLICATION, DISTRIBUTION, ETC. (IMPRINT)
Name of publisher, distributor, etc New Age International
Place of publication, distribution, etc New Delhi
Date of publication, distribution, etc 2017
300 ## - PHYSICAL DESCRIPTION
Pages ix, 302
650 ## - Subject
Subject Engineering
650 ## - Subject
Subject Programming C
650 ## - Subject
Subject C (Computer Programming Language)
942 ## - ADDED ENTRY ELEMENTS (KOHA)
Koha item type Books
Holdings
Withdrawn status Lost status Source of classification or shelving scheme Damaged status Not for loan Location (home branch) Sublocation or collection (holding branch) Shelving location Date acquired Koha issues (times borrowed) Koha full call number Accession No. Koha date last seen Koha item type
    Dewey Decimal Classification     VIVEKANANDA LIBRARY VIVEKANANDA LIBRARY UIET Library 28/02/2024 7 005.133 C455I 430567 21/04/2025 Books
    Dewey Decimal Classification     VIVEKANANDA LIBRARY VIVEKANANDA LIBRARY UIET Library 28/02/2024 3 005.133 C455I 430566 24/01/2025 Books
    Dewey Decimal Classification     VIVEKANANDA LIBRARY VIVEKANANDA LIBRARY UIET Library 28/02/2024 1 005.133 C455I 430564 19/12/2025 Books
    Dewey Decimal Classification     VIVEKANANDA LIBRARY VIVEKANANDA LIBRARY UIET Library 28/02/2024 2 005.133 C455I 430565 23/02/2026 Books
    Dewey Decimal Classification     VIVEKANANDA LIBRARY VIVEKANANDA LIBRARY UIET Library 28/02/2024 2 005.133 C455I 430563 16/12/2024 Books
© Designed and Maintained by Vivekananda Library, MDU Rohtak